Green Indonesia : Tropical forest encounters

Bibliographic Details
Main Author: SHARPhIlsa
Other Authors: Compost
Format: Book
Published: Kuala Lumpur : Oxford University Press , 1994
Subjects:

MARC

LEADER 00000cam a2200000 7i4500
001 0000000780
005 20001003.0
020 0 0 |a 967653045X 
090 0 0 |a R574.52642   |b SHA 1994 
100 1 0 |a SHARPhIlsa 
245 1 0 |a Green Indonesia :   |b Tropical forest encounters   |c written by Ilsa Sharp; photographed by Alain Compost 
260 0 0 |a Kuala Lumpur :   |b Oxford University Press ,   |c 1994 
300 |a xv, 184 p. :   |b col. ill. ;   |c 33 cm. 
500 0 0 |a Includes index 
650 0 0 |a Natural history   |z Indonesia 
650 0 0 |a Natural history   |z Indonesia   |x Pictorial works 
650 0 0 |a Rain forest ecology   |z Indonesia 
650 0 0 |a Rain forests   |z Indonesia 
650 0 0 |a Rain forests   |z Indonesia   |x Pictorial works 
700 0 1 |a Compost   |h Alain 
999 |a 0000001930   |b Monograph   |c Reference   |e Default branch